[Event "Wch Disabilities 5th"]
[Site "Lublin"]
[Date "2023.08.23"]
[Round "5"]
[White "Osypova, Alona"]
[Black "Ablohina, Inga"]
[Result "1-0"]
[WhiteElo "1626"]
[BlackElo "1384"]
[PlyCount "101"]
[EventDate "2023.08.19"]
[EventType "swiss"]
[EventRounds "9"]
[EventCountry "POL"]
[SourceTitle "CBM 215 Extra"]
[Source "ChessBase"]
[SourceDate "2023.09.30"]
[SourceVersion "1"]
[SourceVersionDate "2023.09.30"]
[SourceQuality "1"]

1. d4 Nf6 2. Nf3 e6 3. c4 d5 4. g3 Be7 5. Bg2 0-0 6. 0-0 dxc4 7. Qc2 a6 8. Qxc4 b5 9. Qc2 Bb7 10. Rd1 Nbd7 11. Nc3 c5 12. dxc5 Bxc5 13. Bg5 Qb6 14. e3 h6 15. Bf4 Rac8 16. Qe2 Bxf3 17. Qxf3 e5 18. Bxh6 gxh6 19. Bh3 Rcd8 20. Bxd7 Kg7 21. Bf5 Rxd1+ 22. Rxd1 Rd8 23. Kg2 Rd6 24. a3 Qd8 25. b4 Bb6 26. Rxd6 Qxd6 27. Ne4 Nxe4 28. Qxe4 a5 29. Qd3 Qc6+ 30. Be4 Qc4 31. Qxc4 bxc4 32. Kf1 Kf6 33. Ke1 Ke6 34. g4 Kf6 35. Kd2 Kg5 36. h3 Kh4 37. Bg2 Kg5 38. Kc3 axb4+ 39. axb4 f5 40. gxf5 Kxf5 41. Kxc4 h5 42. Kd5 h4 43. Be4+ Kf6 44. Kc6 Bd8 45. b5 Ke6 46. b6 Bxb6 47. Kxb6 Kd6 48. Kb5 Ke6 49. Kc5 Ke7 50. Kd5 Kf6 51. Kd6 1-0